Vista normal Vista MARC

Entrada Materia (corporativa)

Número de registros utilizados en: 2

001 - CONTROL NUMBER

  • control field: 184680

003 - CONTROL NUMBER IDENTIFIER

  • control field: Co-BoUCM

005 - DATE AND TIME OF LATEST TRANSACTION

  • control field: 20250220080138.0

008 - FIXED-LENGTH DATA ELEMENTS

  • fixed length control field: 250220|| aca||aabn | a|a d

040 ## - CATALOGING SOURCE

  • Original cataloging agency: Co-BoUCM
  • Transcribing agency: Co-BoUCM

110 ## - HEADING--CORPORATE NAME

  • Corporate name or jurisdiction name as entry element: Edward Elgar Publishing

670 ## - SOURCE DATA FOUND

  • Source citation: Work cat.: (Co-BoUCM): Barmeyer, Christoph 184674, Key questions and inspiring answers in cross-cultural management , 2024